All Allsvenskan Teams Ever - Statistics

General Stats
  • This quiz has been taken 122 times
  • The average score is 33 of 65
Answer Stats
Team % Correct
IFK Malmö
99%
Malmö FF
99%
IFK Göteborg
96%
AIK
95%
Hammarby IF
94%
Djurgårdens IF
93%
Östers IF
89%
Helsingborgs IF
88%
Kalmar FF
85%
Gais
84%
IF Elfsborg
84%
IFK Norrköping
84%
Östersunds FK
82%
BK Häcken
79%
IF Brommapojkarna
79%
Halmstads BK
77%
Örgryte IS
76%
Örebro SK
73%
Gefle IF
72%
GIF Sundsvall
72%
IK Sirius
68%
Mjällby AIF
68%
IFK Sundsvall
67%
Umeå FC
66%
Åtvidabergs FF
63%
Degerfors IF
63%
Trelleborgs FF
63%
Västerås IK
63%
Västerås SK
63%
Jönköpings Södra
61%
AFC Eskilstuna
59%
IFK Luleå
55%
Landskrona BoIS
55%
Falkenbergs FF
52%
IFK Eskilstuna
51%
IK City
51%
IK Brage
46%
IK Sleipner
44%
Dalkurd FF
40%
Assyriska FF
38%
Syrianska FC
34%
Norrby IF
32%
IK Oddevold
30%
Motala AIF
30%
Västra Frölunda IF
29%
Sandvikens AIK
28%
Sandvikens IF
28%
Ljungskile SK
27%
Enköpings SK
26%
Brynäs IF
24%
Råå IF
20%
IFK Uddevalla
18%
IS Halmia
18%
Billingsfors IK
17%
Gårda BK
12%
Redbergslids IK
12%
Westermalms IF
12%
Ludvika FFI
11%
BK Derby
10%
Hallstahammars SK
10%
Reymersholms IK
10%
Högadals IS
9%
IF Saab
9%
Stattena IF
9%
IFK Holmsund
7%
No matching quizzes found
Score Distribution
Percent of People with Each Score
Percentile by Number Answered
Your Score History
You have not taken this quiz